000 00409cam a2200169ua 4500
001 9332
008 120106n1995 II |||gr||||Z||||||eng
040 _aMAIN
041 _aEnglish
082 _a543.0858 DAN
100 _aDANI, V. R.
245 _aORGANIC SPECTROSCOPY
260 _aNEW DELHI
_bTATA MCGREW HILL PUBLISHING CO.
_c1995
300 _a478.
653 _aChemistry & allied sciences
942 _cBK
999 _c9308
_d9308